<?xml version="1.0" encoding="UTF-8"?>
<record
    xmlns:xsi="http://www.w3.org/2001/XMLSchema-instance"
    xsi:schemaLocation="http://www.loc.gov/MARC21/slim http://www.loc.gov/standards/marcxml/schema/MARC21slim.xsd"
    xmlns="http://www.loc.gov/MARC21/slim">

  <leader>01394na  a2200373   4500</leader>
  <datafield tag="952" ind1=" " ind2=" ">
    <subfield code="a">0001</subfield>
    <subfield code="b">0001</subfield>
    <subfield code="d">2016-12-27</subfield>
    <subfield code="e">2</subfield>
    <subfield code="l">0</subfield>
    <subfield code="o">BRO&#x15E;&#xDC;R 175</subfield>
    <subfield code="p">011293</subfield>
    <subfield code="r">2016-12-27 00:00:00</subfield>
    <subfield code="w">2016-12-27</subfield>
    <subfield code="y">VIS</subfield>
  </datafield>
  <datafield tag="999" ind1=" " ind2=" ">
    <subfield code="c">6954</subfield>
    <subfield code="d">6954</subfield>
  </datafield>
  <controlfield tag="001">19815</controlfield>
  <controlfield tag="003">MIRAKIL</controlfield>
  <controlfield tag="005">20210324113219.0</controlfield>
  <controlfield tag="008">161227b        tu            000 0      </controlfield>
  <datafield tag="035" ind1=" " ind2=" ">
    <subfield code="a">19815</subfield>
  </datafield>
  <datafield tag="040" ind1=" " ind2=" ">
    <subfield code="a">Milas</subfield>
    <subfield code="b">tur</subfield>
    <subfield code="c">TR-AnCHP</subfield>
  </datafield>
  <datafield tag="041" ind1=" " ind2=" ">
    <subfield code="a">tur</subfield>
  </datafield>
  <datafield tag="082" ind1=" " ind2=" ">
    <subfield code="a">CHP 324.2372</subfield>
    <subfield code="b">K44&#xF6; 2015</subfield>
  </datafield>
  <datafield tag="090" ind1=" " ind2=" ">
    <subfield code="a">BRO&#x15E;&#xDC;R 175</subfield>
  </datafield>
  <datafield tag="100" ind1=" " ind2=" ">
    <subfield code="a">K&#x131;l&#x131;&#xE7;daro&#x11F;lu, Kemal</subfield>
    <subfield code="c">CHP Genel Ba&#x15F;kan&#x131;</subfield>
  </datafield>
  <datafield tag="240" ind1=" " ind2=" ">
    <subfield code="a">&#xD6;nce T&#xFC;rkiye</subfield>
    <subfield code="f">Kas&#x131;m 2015</subfield>
  </datafield>
  <datafield tag="245" ind1=" " ind2=" ">
    <subfield code="a">&#xD6;nce T&#xFC;rkiye</subfield>
    <subfield code="b">&#xD6;nce bor&#xE7;lular</subfield>
    <subfield code="c">[Kemal K&#x131;l&#x131;&#xE7;daro&#x11F;lu]</subfield>
    <subfield code="k">[bro&#x15F;&#xFC;r]</subfield>
  </datafield>
  <datafield tag="246" ind1=" " ind2=" ">
    <subfield code="a">&#xD6;nce bor&#xE7;lular</subfield>
  </datafield>
  <datafield tag="260" ind1=" " ind2=" ">
    <subfield code="a">Ankara</subfield>
    <subfield code="b">CHP</subfield>
    <subfield code="c">2015</subfield>
  </datafield>
  <datafield tag="300" ind1=" " ind2=" ">
    <subfield code="a">ktl. bro&#x15F;&#xFC;r</subfield>
    <subfield code="b">rnkl. fotg.</subfield>
    <subfield code="c">20x19 sm.</subfield>
  </datafield>
  <datafield tag="440" ind1=" " ind2=" ">
    <subfield code="a">Cumhuriyet Halk Partisi yay&#x131;nlar&#x131;</subfield>
    <subfield code="p">&#xD6;nce T&#xFC;rkiye dizisi</subfield>
  </datafield>
  <datafield tag="600" ind1=" " ind2=" ">
    <subfield code="a">K&#x131;l&#x131;&#xE7;daro&#x11F;lu, Kemal</subfield>
    <subfield code="c">CHP Genel Ba&#x15F;kan&#x131;</subfield>
    <subfield code="x">Se&#xE7;im kampanyalar&#x131;, 2015</subfield>
    <subfield code="y">Bor&#xE7;lular</subfield>
  </datafield>
  <datafield tag="600" ind1=" " ind2=" ">
    <subfield code="a">K&#x131;l&#x131;&#xE7;daro&#x11F;lu, Kemal</subfield>
    <subfield code="x">Propaganda ve ideolojiler</subfield>
    <subfield code="y">Bor&#xE7;lar politikas&#x131;</subfield>
  </datafield>
  <datafield tag="610" ind1=" " ind2=" ">
    <subfield code="a">CHP</subfield>
    <subfield code="x">Propaganda ve ideolojiler</subfield>
    <subfield code="y">Genel se&#xE7;imler, 2015</subfield>
    <subfield code="y">K&#x131;l&#x131;&#xE7;daro&#x11F;lu d&#xF6;nemi</subfield>
  </datafield>
  <datafield tag="610" ind1=" " ind2=" ">
    <subfield code="a">CHP</subfield>
    <subfield code="x">Bor&#xE7;lar</subfield>
    <subfield code="y">&#xC7;&#xF6;z&#xFC;m &#xF6;nerileri</subfield>
  </datafield>
  <datafield tag="651" ind1=" " ind2=" ">
    <subfield code="a">T&#xFC;rkiye</subfield>
    <subfield code="x">Siyaset ve y&#xF6;netim</subfield>
    <subfield code="y">2015-</subfield>
  </datafield>
  <datafield tag="740" ind1=" " ind2=" ">
    <subfield code="a">&#xD6;nce bor&#xE7;lular</subfield>
  </datafield>
  <datafield tag="830" ind1=" " ind2=" ">
    <subfield code="a">CHP bro&#x15F;&#xFC;rleri</subfield>
  </datafield>
  <datafield tag="830" ind1=" " ind2=" ">
    <subfield code="a">&#xD6;nce T&#xFC;rkiye dizisi</subfield>
  </datafield>
  <datafield tag="942" ind1=" " ind2=" ">
    <subfield code="2">ddc</subfield>
    <subfield code="c">BKS</subfield>
  </datafield>
  <datafield tag="999" ind1=" " ind2=" ">
    <subfield code="d">6954</subfield>
  </datafield>
</record>
